ARRUPE JESUIT UNIVERSITY

CORONAVIRUS -STOP THE SPREAD - CLEAN,DISINFECT,COVER

The great explorers : (Record no. 118783)

MARC details
000 -LEADER
fixed length control field 01081pam a2200265 i 4500
001 - CONTROL NUMBER
control field 2248408
003 - CONTROL NUMBER IDENTIFIER
control field ARRUPE
005 - DATE AND TIME OF LATEST TRANSACTION
control field 20131127134023.0
008 - FIXED-LENGTH DATA ELEMENTS--GENERAL INFORMATION
fixed length control field 770720r19781971nyua b 001 0 eng
010 ## - LIBRARY OF CONGRESS CONTROL NUMBER
LC control number 77021831
020 ## - INTERNATIONAL STANDARD BOOK NUMBER
International Standard Book Number 0195023145 :
Terms of availability $15.00
040 ## - CATALOGING SOURCE
Original cataloging agency DLC
Transcribing agency DLC
Modifying agency DLC
043 ## - GEOGRAPHIC AREA CODE
Geographic area code n------
-- s------
050 00 - LIBRARY OF CONGRESS CALL NUMBER
Classification number E101
Item number .M852 1978
300 ## - PHYSICAL DESCRIPTION
Other physical details ill. ;
Dimensions 24 cm.
100 1# - MAIN ENTRY--PERSONAL NAME
Personal name Morison, Samuel Eliot,
Dates associated with a name 1887-1976.
9 (RLIN) 4225
245 14 - TITLE STATEMENT
Title The great explorers :
Remainder of title the European discovery of America /
Statement of responsibility, etc Samuel Eliot Morison.
260 ## - PUBLICATION, DISTRIBUTION, ETC. (IMPRINT)
Place of publication, distribution, etc New York :
Name of publisher, distributor, etc Oxford University Press,
Date of publication, distribution, etc 1978.
300 ## - PHYSICAL DESCRIPTION
Extent xxv, 752 p. :
500 ## - GENERAL NOTE
General note "A new edition of material selected from two earlier volumes, The European discovery of America : the Northern voyages, A.D. 500-1600 ... and The European discovery of America : the Southern voyages, 1492-1616."
504 ## - BIBLIOGRAPHY, ETC. NOTE
Bibliography, etc Includes bibliographical references and index.
650 #0 - SUBJECT ADDED ENTRY--TOPICAL TERM
Topical term or geographic name as entry element Voyages and travels.
9 (RLIN) 4226
651 #0 - SUBJECT ADDED ENTRY--GEOGRAPHIC NAME
Geographic name America
General subdivision Discovery and exploration.
9 (RLIN) 4227
906 ## - LOCAL DATA ELEMENT F, LDF (RLIN)
a 7
b cbc
c orignew
d 1
e ocip
f 19
g y-gencatlg
942 ## - ADDED ENTRY ELEMENTS (KOHA)
Source of classification or shelving scheme Library of Congress Classification
Koha item type Monograph ( Printed materials)
Holdings
Withdrawn status Lost status Source of classification or shelving scheme Damaged status Not for loan Home library Current library Shelving location Date acquired Total Checkouts Full call number Barcode Date last seen Price effective from Koha item type
    Library of Congress Classification     ARRUPE LIBRARY ARRUPE LIBRARY Main Collection 27/11/2013   E101 .M852 1978 46410833 13/12/2017 27/11/2013 Monograph ( Printed materials)

 

Arrupe Library. PO Box MP320 Mt Pleasant, Harare, Zimbabwe
263 242 745411|librarian@aju.ac.zw